000 00565 a2200181 4500
999 _c2300
_d2300
020 _a9789351500810
050 _aHQ12 SAH 2015
100 _aSahu,Skylab
_eauthor
245 _aGender,sexuality and HIV/AIDS:
_bExploring politics of women's health in India/
_cSkylab Sahu
264 _aNew Delhi;India:
_bSage,
_c2015
300 _a210p.
500 _aIncludes bibliographical references and index
650 _aWomen--
_xSocial conditions
650 _aWomen--
_xHealth and hygiene
650 _aGender identity
651 _aIndia
942 _2lcc
_cBK
_h12
_iSAH
_kHQ